MARC

Tag First Indicator Second Indicator Subfields
LEADER 00000cam a2200000 a 4500
001 in00001033621
005 20150928151944.0
008 891116s1989 th a b 00000 eng d
035 |a (OCoLC)20820524 
035 |9 AFH2465AM 
040 |a YSM  |c YSM  |d FUG  |d TXA  |d UtOrBLW 
043 |a a------ 
049 |a TXAM 
090 |a LC72.5.A78  |b E38 1989 
245 0 0 |a Educational reforms. 
264 1 |a Bangkok :  |b Unesco Principal Regional Office for Asia and the Pacific,  |c [1989] 
264 4 |c ©1989 
300 |a 141, xiii pages :  |b illustrations ;  |c 23 cm. 
336 |a text  |b txt  |2 rdacontent 
337 |a unmediated  |b n  |2 rdamedia 
338 |a volume  |b nc  |2 rdacarrier 
490 1 |a Bulletin of the Unesco Principal Regional Office for Asia and the Pacific ;  |v no. 29 
500 |a "December 1988." 
504 |a Includes bibliographical references (pages i-xiii). 
650 0 |a Education and state  |z Asia. 
650 0 |a Educational planning  |z Asia. 
650 0 |a Education  |z Asia. 
710 2 |a Unesco.  |b Principal Regional Office for Asia and the Pacific. 
830 0 |a Bulletin of the Unesco Principal Regional Office for Asia and the Pacific ;  |v no. 29. 
999 |a MARS 
999 f f |s ae6c652a-a8c4-321f-a2fd-e1b77d88b884  |i 0bbb8240-9081-3b7d-8147-53db4683fd6c  |t 0 
952 f f |p normal  |a Texas A&M University  |b College Station  |c Sterling C. Evans Library  |d Evans: Library Stacks  |t 0  |e LC72.5.A78 E38 1989  |h Library of Congress classification  |i unmediated -- volume  |m A14812627394 
998 f f |a LC72.5.A78 E38 1989  |t 0  |l Evans: Library Stacks